Structure and characteristics of rubberwood (Record no. 69463)

MARC details
000 -LEADER
fixed length control field 00350nam a2200133Ia 4500
100 ## - MAIN ENTRY--AUTHOR NAME
Personal name Lim S C
245 #0 - TITLE STATEMENT
Title Structure and characteristics of rubberwood
260 ## - PUBLICATION, DISTRIBUTION, ETC. (IMPRINT)
Name of publisher Rubberwood: Processing and utilization
Year of publication 1994
300 ## - PHYSICAL DESCRIPTION
Number of Pages 17-25
650 ## - SUBJECT ADDED ENTRY--TOPICAL TERM
Topical Term Rubberwood
700 ## - ADDED ENTRY--PERSONAL NAME
Personal name Sulaiman Ani
942 ## - ADDED ENTRY ELEMENTS (KOHA)
Koha item type Journals
Holdings
Withdrawn status Lost status Damaged status Not for loan Home library Current library Shelving location Date acquired Koha item type
      Journals RRII Library RRII Library Rubber general 17/12/2021 Journals